000 00679nam a2200181Ia 4500
008 090124s9999 xx 000 0 und d
082 _b21738
100 _aबेडेकर विश्राम
245 _a एक झाड आणि दोन पक्षी.....
250 _a1
260 _b"पॉप्युलर प्रकाशन ,बाँम्बे"
_c1984
300 _a315
600 _aबेडेकर विश्राम
630 _a एक झाड आणि दोन पक्षी.....
700 _aबेडेकर विश्राम
730 _a एक झाड आणि दोन पक्षी.....
942 _cBOOK
999 _c92047
_d92047